<?xml version="1.0" encoding="UTF-8"?>
<record
    xmlns:xsi="http://www.w3.org/2001/XMLSchema-instance"
    xsi:schemaLocation="http://www.loc.gov/MARC21/slim http://www.loc.gov/standards/marcxml/schema/MARC21slim.xsd"
    xmlns="http://www.loc.gov/MARC21/slim">

  <leader>00898naa a2200169 i 4500</leader>
  <controlfield tag="001">8630</controlfield>
  <controlfield tag="003">KOSZ 005</controlfield>
  <controlfield tag="005">20180321104302.0</controlfield>
  <controlfield tag="008">150112s2001    pl     f     |000 0 pol</controlfield>
  <datafield tag="040" ind1=" " ind2=" ">
    <subfield code="c">BPK</subfield>
    <subfield code="d">KOSZ 005/EG</subfield>
  </datafield>
  <datafield tag="100" ind1="1" ind2=" ">
    <subfield code="a">G&#x141;OWI&#x143;SKI, Sebastian.</subfield>
    <subfield code="b">Politechnika Koszali&#x144;ska - Wydzia&#x142; Mechaniczny,</subfield>
    <subfield code="c">Katedra Mechaniki Precyzyjnej</subfield>
  </datafield>
  <datafield tag="245" ind1="1" ind2="0">
    <subfield code="a">Charakterystyki aerodynamiczne statku powietrznego &#x2013; lot poziomy i zakr&#x119;t /</subfield>
    <subfield code="c">Sebastian G&#x142;owi&#x144;ski.</subfield>
  </datafield>
  <datafield tag="500" ind1=" " ind2=" ">
    <subfield code="a">Dane z autopsji.</subfield>
  </datafield>
  <datafield tag="520" ind1=" " ind2=" ">
    <subfield code="a">W niniejszej pracy opisano zastosowanie systemu ekspertowego do diagnostyki samolot&#xF3;w. Wyklucza ono prawdopodobie&#x144;stwo pomini&#x119;cia kolejnej czynno&#x15B;ci obs&#x142;ugi samolotu oraz pozwala na zasygnalizowanie mo&#x17C;liwo&#x15B;ci wyst&#x105;pienia awarii danego podzespo&#x142;u na podstawie wcze&#x15B;niej wyst&#x119;puj&#x105;cych uszkodze&#x144;.</subfield>
  </datafield>
  <datafield tag="773" ind1="0" ind2=" ">
    <subfield code="i">W :</subfield>
    <subfield code="t">Logistyka. -</subfield>
    <subfield code="g">2011, nr 6, s. 1139-1147 [CD]</subfield>
  </datafield>
  <datafield tag="942" ind1=" " ind2=" ">
    <subfield code="c">ART</subfield>
    <subfield code="2">UKD</subfield>
  </datafield>
  <datafield tag="999" ind1=" " ind2=" ">
    <subfield code="c">8630</subfield>
    <subfield code="d">8630</subfield>
  </datafield>
</record>
